000 01434nam0a2200325 4500
001 RU\NLR\BIBL_A\011374768
005 20241102005055.0
010 _a9785361004195
_9500
021 _aRU
_b2017-23011
_91704
035 _a(RuMoRGB)008842500
035 _a(NLR Aleph) 011374768
090 _a11371264
_c11371264
100 _a20170426d2016 k y0rusy50 ca
101 0 _arus
102 _aRU
105 _aa z 000zy
200 1 _aПрименение модульных свай таврового сечения в строительстве
_eмонография
_fТ. Г. Калачук
210 _aБелгород
_cИзд-во БГТУ
_d2016
215 _a89 с.
_cил.
_d21
320 _aБиблиогр.: с. 81-87 (108 назв.)
606 _aСтроительство -- Строительные конструкции -- Фундаменты -- Свайные фундаменты -- Сваи -- Забивные сваи
_2rubbk
606 1 _aСваи таврового сечения
_92328434
_3RU\NLR\AUTH\6601616913
606 _aСвайные фундаменты
_91108258
_3RU\NLR\AUTH\66117675
686 _aН582.5-046,0
_2rubbk
686 1 _aН582.561.1
700 1 _aКалачук
_bТ. Г.
_cканд. техн. наук
_gТатьяна Григорьевна
_9139591
_3RU\NLR\AUTH\770139626
942 _cBOOK
980 _aNBR